| 000 | 00355nam a22001337a 4500 | ||
|---|---|---|---|
| 005 | 20170607101217.0 | ||
| 008 | 170607b xxu||||| |||| 00| 0 eng d | ||
| 040 | _cPK-LaUMT | ||
| 082 |
_aZIAC 297.07375 _bDAL- |
||
| 245 | _aDalil Al Talib al Jamae/ | ||
| 260 |
_aمکۃ المکرمۃ: _bوزارۃ التعلیم ، _c[ ] |
||
| 300 | _a31 ص | ||
| 942 | _cBK | ||
| 999 |
_c94467 _d94467 |
||